| 000 | 00994nam a22002777a 4500 | ||
|---|---|---|---|
| 005 | 20120416113423.0 | ||
| 008 | 120416t xxu||||| |||| 00| 0 eng d | ||
| 010 | _aENG-104994 | ||
| 020 |
_a9788182831063 _c275.00 |
||
| 020 |
_a8182831067 _c275.00 |
||
| 035 | _aEN-88527 | ||
| 037 | _bDBAD/PUB | ||
| 040 |
_aDPL _bEng |
||
| 082 | _a547.2 | ||
| 100 |
_aSaluja, M.P. _945074 |
||
| 245 |
_aKrishna's organic synthesis as per UGC syllabus / _cby M.P. Saluja ; edited by Er. Sugam Rastogi _b |
||
| 260 |
_aMeerut _bKrishna Prakashan _c2011 |
||
| 270 |
_a11, Shivaji Road _bMeerut _e250001 |
||
| 300 |
_avarious pagings _c24cm(pbk) |
||
| 500 | _aIncludes index | ||
| 650 |
_aOrganic compounds _xSynthesis _91078 |
||
| 650 |
_aChemical reactions _945121 |
||
| 700 |
_aRastogi, Sugam _945076 |
||
| 942 |
_2ddc _cEN _h547.2 _mSAL |
||
| 999 |
_c65018 _d65018 |
||